| 000 | 00607nam a22001817a 4500 | ||
|---|---|---|---|
| 003 | OSt | ||
| 005 | 20180116183052.0 | ||
| 008 | 160831b xxu||||| |||| 00| 0 eng d | ||
| 020 | _a9781784156947 | ||
| 040 | _c0 | ||
| 082 | _a657 ACC 2016 | ||
| 100 | _aACCA | ||
| 245 |
_aACCA Paper F5 Performance Management Exam Kit : _bvalid for September 2016,December 2016,March 2017 and June 2017 Examination Sittings Suitable for both paper-based and computer-based exam |
||
| 260 |
_aUK _bKaplan _c2016 |
||
| 300 |
_a428+ p. _bPB |
||
| 440 | _aACCA Paper F5 Performance Management Exam Kit : | ||
| 942 |
_2ddc _cBK |
||
| 999 |
_c351686 _d351686 |
||